000 00802nam a2200217 4500
999 _c170754
_d170754
005 20191224144152.0
010 _aENG-127233
020 _a9789352873616
_c925.00
035 _aEN-110765
037 _bDBAD/PUB
082 _a304.209
245 _aPolitical ecology of survival :
_ced.by Madhurilata Basu, Rajat Roy [and] Ranabir Samaddar
_blife and labour in the river lands of east and north-east India /
260 _aHyderabad
_bOrient Blackswan
_c2018
270 _a3-6-752, Himayatnagar
_bHyderabad, Telangana
_e500029
_mcentraloffice@orientblackswan.com
300 _axvi;254.
_c22cm(Hb)
500 _aIncludes bibliographical references and index
700 _aBasu, Madhurilata
700 _aRoy Rajat
700 _aSamaddar, Ranabir
942 _2ddc
_cEN
_h304.209
_mPOL